King's Buildings Edinburgh University Quiz Stats

 Plays Quiz not verified by Sporcle

Challenge
Share
Tweet
Embed
Score 0/28 Timer 06:00
0 Plays Today
Building % Correct
James Clerk Maxwell Building
80.9%
Darwin Building
74.5%
KB House
62.8%
Joseph Black Building
58.5%
KB Centre
45.7%
Ashworth Laboratories
43.6%
Sanderson Building
39.4%
Michael Swann Building
30.9%
Weir Building
26.6%
Alexander Graham Bell Building
25.5%
Hudson Beare Building
24.5%
Alrick Building
23.4%
Grant Institute
21.3%
Daniel Rutherford Building
20.2%
Building % Correct
Crew Building
18.1%
Fleeming Jenkin Building
14.9%
Faraday Building
12.8%
Roger Land Building
11.7%
William Rankine Building
10.6%
Peter Wilson Building
9.6%
British Geological Survey
7.4%
John Muir Building
7.4%
Scottish Micro Electronics Centre
6.4%
Erskine Williamson Building
3.2%
CH Waddington Building
3.2%
Student Residences
2.1%
Kenneth Denbigh Building
2.1%
Engineering Lecture Theatre
1.1%

You're not logged in!

Compare scores with friends on all Sporcle quizzes.
Join for Free
OR
Log In

You Might Also Like...

Show Comments

Extras

Top Quizzes Today


Score Distribution

Your Account Isn't Verified!

In order to create a playlist on Sporcle, you need to verify the email address you used during registration. Go to your Sporcle Settings to finish the process.

Report this User

Report this user for behavior that violates our Community Guidelines.

Details: